Ročenka stavebníctva 2004

Guardado en:
Detalles Bibliográficos
Formato: Libro
Lenguaje:eslovaco
inglés
Publicado: Bratislava Štatistický úrad Slovenskej republiky 2004
Materias:
Etiquetas: Agregar Etiqueta
Sin Etiquetas, Sea el primero en etiquetar este registro!

MARC

LEADER 00000nam$a2200000$$$4500
001 0024305
005 20251009081645.4
041 0 |a slo 
041 0 |a eng 
044 |a SK 
245 1 0 |a Ročenka stavebníctva 2004 
264 1 |a Bratislava  |b Štatistický úrad Slovenskej republiky  |c 2004 
300 |a 105 s. 
610 2 0 |a stavebníctvo 
610 2 0 |a vývoj 
610 2 0 |a regióny 
610 2 0 |a produkcia 
610 2 0 |a výroba stavebná 
610 2 0 |a podnik stavebný 
610 2 0 |a výstavba bytová 
610 2 0 |a produktivita práce 
610 2 0 |a Slovensko